Vivir en vilo: ser de izquierda en el tercer milenio/
Gorde:
| Egile nagusia: | |
|---|---|
| Formatua: | Liburua |
| Hizkuntza: | Spanish |
| Etiketak: |
Etiketa erantsi
Etiketarik gabe, Izan zaitez lehena erregistro honi etiketa jartzen!
|
MARC
| LEADER | 00000nam a22000007a 4500 | ||
|---|---|---|---|
| 003 | cru CIDCACS/IIS | ||
| 005 | 20200131091946.0 | ||
| 007 | ta | ||
| 008 | 190118s2010 mx |||p|r||||||0| ||spa|d | ||
| 999 | |c 42075 |d 42075 | ||
| 040 | |c cru CIDCACS/IIS | ||
| 100 | 1 | |9 9019 |a Bartra Vergés, Armando | |
| 245 | 1 | |a Vivir en vilo: |b ser de izquierda en el tercer milenio/ |c Armando Bartra | |
| 300 | |a páginas 52-57 | ||
| 773 | 0 | |0 42054 |9 2610 |a Centro de Estudios del Movimiento Obrero y Socialista (México) |d México D.F: CEMOS |o 17705 |t Memoria = |x 01861395 | |
| 942 | |2 ddc |c PP | ||
